000 00329 a2200109 4500
001 ART_48157
005 20260410161757.0
008 260409a
245 1 0 _aSalidas no documentadas y facturas apócrifas
100 1 _aGarcía, Roberto Martín
773 0 _tDoctrina tributaria
_g- N°466 (ene. 2019)
_wREV4296
999 _c20209
_d20209